000 00674cam a2200193 4500
001 D1541
008 090401t1887 xxu||||| |||| 00| 0 eng d
035 _a(Sirsi) u64468
041 _aeng
050 _a692.30942737
110 _aBolton Master Builder`s Association
_91073
245 4 _aThe standard mode of measurement agreed upon by the architects and builders of Bolton and District as a general statement of the methods proposed to be used in taking quantities and measuring up works
260 _aBolton
_bBolton Master Builder`s Association
_c1887
300 _a13p. 30cm
350 _a0
520 _aFiled at SMM 1887/1BC
942 _n0
948 _c04/03/1997
999 _c94679
_d94679